00606nam a22001937a 450000500170000001000270001702000300004403500130007403500130008703700210010003700130012108200120013410000200014624500980016626000330026427000750029730000210037250000190039320170810144936.0 a1516EN07 ENG-114800 a9780143425137 c399.00 aEN-98332 aB-666107 adplbPragati/Ven bDBAD/PUB a330.954 aSanyal, Sanjeev aThe Indian renaissance :cby Sanjeev SanyalbIndia's rise after a thousand years of decline / bPenguin Booksc2015aGurgaon a7th Floor, Infinity Tower C, DLF Cyber CitybGurgaone122002, Haryana  a230p.c20cm(pbk) aIncludes index